000 00805cam a22002653a 4500
001 11746
003 PGUSA
005 20140828083240.0
008 040301s2004||||xxu|||||s|||||000 | eng d
040 _aPGUSA
_beng
042 _adc
050 4 _aF2501
100 1 _aRoosevelt, Theodore,
_d1858-1919
245 1 0 _aThrough the Brazilian Wilderness
_h[electronic resource] /
_cTheodore Roosevelt
260 _bProject Gutenberg,
_c2004
506 _aPublic domain in the USA.
516 _aElectronic text
653 _aZoology -- Brazil
653 _aBrazil -- Description and travel
653 _aRoosevelt River (Brazil)
653 _aRoosevelt-Rondon Scientific Expedition (1913-1914)
830 0 _aProject Gutenberg
_v11746
856 4 0 _uhttp://www.gutenberg.org/ebooks/11746
942 _cEB
999 _c241001
_d241001